[Event "GER-chT U20 Girls"]
[Site "Willingen"]
[Date "2021.06.26"]
[Round "6.7"]
[White "De Veer, Mara"]
[Black "Sickmann, Lisa"]
[Result "1-0"]
[WhiteElo "1445"]
[BlackElo "1510"]
[PlyCount "95"]
[EventDate "2021.06.23"]
[EventType "team-swiss"]
[EventRounds "7"]
[EventCountry "GER"]
[SourceTitle "CBM 203 Extra"]
[Source "ChessBase"]
[SourceDate "2021.09.30"]
[SourceVersion "1"]
[SourceVersionDate "2021.09.30"]
[SourceQuality "1"]
[WhiteTeam "Lichtenberg Borussia II"]
[BlackTeam "Luebeck"]
[WhiteTeamCountry "GER"]
[BlackTeamCountry "GER"]

1. e4 e5 2. Nf3 Nc6 3. Bc4 Bc5 4. d3 Nf6 5. c3 a6 6. Bb3 d6 7. h3 h6 8. Nbd2 Ba7 9. Nf1 d5 10. Ng3 0-0 11. 0-0 Be6 12. Re1 Re8 13. Bd2 Qd7 14. exd5 Bxd5 15. Bxd5 Qxd5 16. Be3 Rad8 17. Bxa7 Nxa7 18. Re3 c5 19. Qe2 Nc6 20. b3 Qd6 21. Re1 Nd5 22. Qd2 Nxe3 23. Rxe3 f6 24. Nf5 Qe6 25. N3h4 Rd7 26. Rg3 Kh7 27. Qe2 Qf7 28. Rxg7+ Qxg7 29. Nxg7 Rxg7 30. Qe4+ Kh8 31. Nf5 Rh7 32. Nd6 Rd8 33. Nxb7 Rxb7 34. Qxc6 Rf7 35. Qxa6 Kg7 36. Qc4 Rfd7 37. Qxc5 Rxd3 38. a4 R8d7 39. a5 R3d5 40. Qb4 Ra7 41. Qg4+ Kh8 42. b4 Rc7 43. Qf3 Rd6 44. b5 Kg7 45. b6 Rcd7 46. b7 Rd8 47. Qg4+ Kf7 48. Qc8 1-0

[Event "GER-chT U20 Girls"]
[Site "Willingen"]
[Date "2021.06.26"]
[Round "5.7"]
[White "Stelter, Finja"]
[Black "De Veer, Mara"]
[Result "1/2-1/2"]
[WhiteElo "1133"]
[BlackElo "1445"]
[PlyCount "116"]
[EventDate "2021.06.23"]
[EventType "team-swiss"]
[EventRounds "7"]
[EventCountry "GER"]
[SourceTitle "CBM 203 Extra"]
[Source "ChessBase"]
[SourceDate "2021.09.30"]
[SourceVersion "1"]
[SourceVersionDate "2021.09.30"]
[SourceQuality "1"]
[WhiteTeam "Lehrte"]
[BlackTeam "Lichtenberg Borussia II"]
[WhiteTeamCountry "GER"]
[BlackTeamCountry "GER"]

1. e4 c6 2. Nf3 d5 3. Nc3 dxe4 4. Nxe4 Bf5 5. Ng3 Bg6 6. h4 h6 7. Ne5 Bh7 8. Qh5 g6 9. Bc4 e6 10. Qe2 Qe7 11. d4 Bg7 12. Bf4 Nd7 13. 0-0-0 0-0-0 14. Ba6 Nxe5 15. Bxe5 Bxe5 16. Qxe5 f6 17. Qe2 bxa6 18. Qxa6+ Qb7 19. Qxb7+ Kxb7 20. Ne4 Kc7 21. Nc5 Re8 22. Rhe1 Kd6 23. Nb7+ Kc7 24. Nc5 g5 25. hxg5 fxg5 26. Nxe6+ Kd6 27. Nc5 Nf6 28. Rxe8 Rxe8 29. Kd2 Ne4+ 30. Nxe4+ Rxe4 31. c3 Re7 32. Rh1 Re6 33. g3 Rf6 34. f4 gxf4 35. gxf4 Kd5 36. Rh5+ Kd6 37. Ke3 Re6+ 38. Re5 Rxe5+ 39. dxe5+ Ke6 40. Kf3 Kf5 41. b4 h5 42. a4 h4 43. b5 cxb5 44. axb5 h3 45. Kg3 h2 46. Kxh2 Kxf4 47. c4 Kxe5 48. c5 Be4 49. Kg3 Ba8 50. Kf2 Kd5 51. c6 Kc5 52. Ke2 Kxb5 53. c7 Bb7 54. Kd2 Kb4 55. Kc2 Ka3 56. Kb1 Kb3 57. Ka1 Kc2 58. Ka2 a5 1/2-1/2

[Event "GER-chT U20 Girls"]
[Site "Willingen"]
[Date "2021.06.24"]
[Round "2.5"]
[White "De Veer, Mara"]
[Black "Doll, Rebecca"]
[Result "0-1"]
[WhiteElo "1445"]
[BlackElo "1762"]
[PlyCount "72"]
[EventDate "2021.06.23"]
[EventType "team-swiss"]
[EventRounds "7"]
[EventCountry "GER"]
[SourceTitle "CBM 203 Extra"]
[Source "ChessBase"]
[SourceDate "2021.09.30"]
[SourceVersion "1"]
[SourceVersionDate "2021.09.30"]
[SourceQuality "1"]
[WhiteTeam "Lichtenberg Borussia II"]
[BlackTeam "Baden-Baden"]
[WhiteTeamCountry "GER"]
[BlackTeamCountry "GER"]

1. e4 e5 2. Nf3 Nc6 3. Bc4 Bc5 4. d3 Nf6 5. Bb3 d6 6. c3 a6 7. Nbd2 0-0 8. h3 Be6 9. Bc2 Qd7 10. Nf1 Ba7 11. Ng3 d5 12. 0-0 h6 13. Re1 Rfe8 14. a3 Rad8 15. b4 b5 16. Bb2 dxe4 17. dxe4 Bxh3 18. Qxd7 Bxd7 19. Bb3 Be6 20. Bxe6 Rxe6 21. Rac1 Ng4 22. Nh1 Rd3 23. Kf1 a5 24. Ke2 Red6 25. Rf1 axb4 26. axb4 Rd8 27. Rb1 R3d7 28. Rfc1 Ne7 29. c4 Ng6 30. cxb5 Bb6 31. Kf1 Ra8 32. Kg1 Ra2 33. Rf1 Nf4 34. Rfe1 Nd3 35. Red1 Rd6 36. Rd2 Nxb2 0-1

[Event "GER-ch U25-B"]
[Site "Willingen"]
[Date "2019.06.12"]
[Round "5"]
[White "Diegel, Yannick"]
[Black "De Veer, Mara"]
[Result "0-1"]
[WhiteElo "1411"]
[BlackElo "1379"]
[PlyCount "58"]
[EventDate "2019.06.08"]
[EventType "swiss"]
[EventRounds "9"]
[EventCountry "GER"]
[SourceTitle "CBM 191 Extra"]
[Source "ChessBase"]
[SourceDate "2019.09.30"]
[SourceVersion "1"]
[SourceVersionDate "2019.09.30"]
[SourceQuality "1"]

1. c4 e6 2. Nc3 d5 3. d4 c5 4. cxd5 exd5 5. dxc5 d4 6. Nb5 Qa5+ 7. Qd2 Qxb5 8. Qxd4 Qxc5 9. Qe4+ Be7 10. Bd2 Nf6 11. Qd3 0-0 12. Rc1 Qd6 13. Qxd6 Bxd6 14. g3 Nc6 15. Bg2 Bb4 16. Bxb4 Nxb4 17. a3 Nc6 18. Nf3 Re8 19. e3 Ne5 20. Nxe5 Rxe5 21. 0-0 Be6 22. Bxb7 Rb8 23. Rfd1 g6 24. Bg2 Rxb2 25. Rd8+ Kg7 26. a4 Ng4 27. Rf1 Rc5 28. Bh3 Rcc2 29. Bxg4 Bxg4 0-1

[Event "GER-ch U25-B"]
[Site "Willingen"]
[Date "2019.06.11"]
[Round "4"]
[White "De Veer, Mara"]
[Black "Von der Weyden, Louis"]
[Result "0-1"]
[WhiteElo "1379"]
[BlackElo "1564"]
[PlyCount "136"]
[EventDate "2019.06.08"]
[EventType "swiss"]
[EventRounds "9"]
[EventCountry "GER"]
[SourceTitle "CBM 191 Extra"]
[Source "ChessBase"]
[SourceDate "2019.09.30"]
[SourceVersion "1"]
[SourceVersionDate "2019.09.30"]
[SourceQuality "1"]

1. e4 e5 2. Nf3 Nc6 3. Bc4 Bc5 4. c3 d6 5. Bb3 Nf6 6. d3 h6 7. Nbd2 0-0 8. 0-0 Bg4 9. h3 Bd7 10. Re1 Nh5 11. Nf1 Nf4 12. Be3 Bb6 13. d4 Qc8 14. Ng3 Ng6 15. Bc2 Nce7 16. b4 Rd8 17. a4 a5 18. Qb1 c6 19. Nf5 Qc7 20. dxe5 Nxf5 21. Bxb6 Qxb6 22. exf5 Nxe5 23. Nxe5 dxe5 24. Rxe5 axb4 25. cxb4 Re8 26. a5 Qd4 27. Rxe8+ Rxe8 28. Qd1 Qc3 29. Rb1 Re7 30. Qc1 Re2 31. Ba4 Qd4 32. Qf1 Rd2 33. Rd1 Qxb4 34. Rxd2 Qxd2 35. Qd1 Qxd1+ 36. Bxd1 Bxf5 37. Be2 Bc8 38. Kf1 Kf8 39. Ke1 Ke7 40. Kd2 Kd6 41. Kc3 Kc5 42. Bc4 f6 43. h4 g5 44. hxg5 hxg5 45. g3 g4 46. Be2 Bf5 47. a6 bxa6 48. Bxa6 Kd5 49. Kd2 Kd4 50. Be2 c5 51. f3 gxf3 52. Bxf3 c4 53. g4 c3+ 54. Kc1 Ke3 55. Bd1 Bd7 56. Bb3 Bxg4 57. Bc4 Bd7 58. Bb3 f5 59. Kd1 f4 60. Bd5 Bg4+ 61. Kc2 Kd4 62. Bg2 f3 63. Bf1 f2 64. Kc1 Bf5 65. Kd1 Ke3 66. Kc1 c2 67. Bg2 Ke2 68. Kb2 Kd2 0-1

[Event "GER-chT U14 Girls"]
[Site "Neumuenster"]
[Date "2017.12.29"]
[Round "5.4"]
[White "De Veer, Mara"]
[Black "Wilhelm, Anna Lena"]
[Result "1-0"]
[WhiteElo "1207"]
[BlackElo "1122"]
[PlyCount "119"]
[EventDate "2017.12.26"]
[EventType "team-swiss"]
[EventRounds "7"]
[EventCountry "GER"]
[SourceTitle "CBM 182 Extra"]
[Source "ChessBase"]
[SourceDate "2018.02.23"]
[SourceVersion "1"]
[SourceVersionDate "2018.02.23"]
[SourceQuality "1"]
[WhiteTeam "Friedrichshagen"]
[BlackTeam "Stadtilm Blau Weiss"]
[WhiteTeamCountry "GER"]
[BlackTeamCountry "GER"]

1. e4 e5 2. Nf3 Nc6 3. Bc4 Bc5 4. d3 Nf6 5. c3 d6 6. Bb3 a6 7. 0-0 Be6 8. Bc2 Ba7 9. Nbd2 Qd7 10. Re1 0-0-0 11. b4 Rdg8 12. Nf1 h6 13. a4 Ne7 14. d4 Bg4 15. Be3 Kb8 16. dxe5 dxe5 17. Qxd7 Nxd7 18. Bb3 Be6 19. Bxe6 fxe6 20. Rad1 Nf6 21. Bxa7+ Kxa7 22. Nxe5 Rd8 23. Ng3 g5 24. Rxd8 Rxd8 25. Nf7 Rd3 26. Rc1 Ng4 27. h3 Nf6 28. Nxh6 Nc6 29. Nf7 g4 30. e5 Nd5 31. hxg4 Nf4 32. f3 Ne7 33. Kf1 Ned5 34. g5 Ne3+ 35. Kf2 Nexg2 36. Rh1 Rd2+ 37. Kg1 Rd1+ 38. Kh2 Rxh1+ 39. Kxh1 Nh4 40. Kg1 Kb8 41. Kf2 Kc8 42. Ne2 Nxe2 43. Kxe2 Ng6 44. Ke3 Kd7 45. Ke4 Ke7 46. Nh6 Kf8 47. c4 b6 48. f4 Nh4 49. f5 exf5+ 50. Nxf5 Ng6 51. e6 Ke8 52. Kd5 Kd8 53. Kc6 Ne5+ 54. Kb7 Nxc4 55. g6 a5 56. g7 Nd6+ 57. Nxd6 cxd6 58. g8Q+ Ke7 59. Qf7+ Kd8 60. Qd7# 1-0

[Event "GER-chT U14 Girls"]
[Site "Neumuenster"]
[Date "2017.12.28"]
[Round "3.4"]
[White "De Veer, Mara"]
[Black "Elier, Basmalah"]
[Result "1-0"]
[WhiteElo "1207"]
[BlackElo "959"]
[PlyCount "107"]
[EventDate "2017.12.26"]
[EventType "team-swiss"]
[EventRounds "7"]
[EventCountry "GER"]
[SourceTitle "CBM 182 Extra"]
[Source "ChessBase"]
[SourceDate "2018.02.23"]
[SourceVersion "1"]
[SourceVersionDate "2018.02.23"]
[SourceQuality "1"]
[WhiteTeam "Friedrichshagen"]
[BlackTeam "Brackel"]
[WhiteTeamCountry "GER"]
[BlackTeamCountry "GER"]

1. e4 e5 2. Nf3 Nc6 3. Bc4 Nf6 4. d3 Bc5 5. c3 d6 6. Bb3 0-0 7. 0-0 Be6 8. Bc2 Bg4 9. Nbd2 h6 10. b4 Bb6 11. a4 a6 12. Bb2 Ba7 13. b5 axb5 14. axb5 Nb8 15. c4 c6 16. bxc6 Nxc6 17. h3 Bxf3 18. Nxf3 Nh5 19. Rb1 Qf6 20. Kh1 Qg6 21. g4 Nf4 22. Kh2 h5 23. Nh4 Qg5 24. Ng2 Nd4 25. Bxd4 Bxd4 26. Nxf4 Qxf4+ 27. Kh1 Bxf2 28. Qe2 Qg3 29. Rxf2 Qxh3+ 30. Rh2 Qg3 31. Rg1 Qf4 32. Qf2 Ra2 33. Qxf4 exf4 34. gxh5 f5 35. exf5 Rxf5 36. h6 Rf7 37. c5 dxc5 38. Bb3 Rxh2+ 39. Kxh2 Kh7 40. Bxf7 Kxh6 41. Rg4 f3 42. Rf4 b5 43. Rxf3 g6 44. Rf2 g5 45. Rc2 c4 46. Bxc4 bxc4 47. dxc4 Kg7 48. c5 g4 49. c6 Kf6 50. Kg3 Kf5 51. c7 Ke4 52. c8Q Kd3 53. Qc4+ Ke3 54. Re2# 1-0

[Event "GER-chT U14 Girls"]
[Site "Neumuenster"]
[Date "2017.12.27"]
[Round "2.4"]
[White "Popovidi, Angeliki"]
[Black "De Veer, Mara"]
[Result "0-1"]
[WhiteElo "726"]
[BlackElo "1207"]
[PlyCount "80"]
[EventDate "2017.12.26"]
[EventType "team-swiss"]
[EventRounds "7"]
[EventCountry "GER"]
[SourceTitle "CBM 182 Extra"]
[Source "ChessBase"]
[SourceDate "2018.02.23"]
[SourceVersion "1"]
[SourceVersionDate "2018.02.23"]
[SourceQuality "1"]
[WhiteTeam "Porz SG"]
[BlackTeam "Friedrichshagen"]
[WhiteTeamCountry "GER"]
[BlackTeamCountry "GER"]

1. e4 c5 2. Nf3 d6 3. Nc3 Nf6 4. h3 g6 5. Bb5+ Bd7 6. d3 a6 7. Bxd7+ Nbxd7 8. 0-0 Bg7 9. Be3 0-0 10. d4 cxd4 11. Qxd4 Ng4 12. Qd2 Nxe3 13. Qxe3 b5 14. Nd5 e6 15. Nc3 b4 16. Nd1 a5 17. Rb1 a4 18. a3 bxa3 19. Qxa3 Nc5 20. b4 axb3 21. Qc1 b2 22. Nxb2 Nxe4 23. Qe3 Nc5 24. Rfd1 Qc7 25. Nc4 d5 26. Nb6 Rab8 27. Qxc5 Qxc5 28. Nd7 Qc7 29. Nxb8 Rxb8 30. Rbc1 Bb2 31. Rb1 Qxc2 32. Nd2 Be5 33. Rdc1 Qxd2 34. g3 Rxb1 35. Rxb1 Bd4 36. Rd1 Qxd1+ 37. Kg2 Qe2 38. h4 Qxf2+ 39. Kh3 Be5 40. h5 Qxg3# 0-1

[Event "GER-chT U14 Girls"]
[Site "Magdeburg"]
[Date "2015.12.29"]
[Round "5.4"]
[White "De Veer, Mara"]
[Black "Heck, Jasmin"]
[Result "1-0"]
[WhiteElo "758"]
[BlackElo "919"]
[PlyCount "57"]
[EventDate "2015.12.27"]
[EventType "team-swiss"]
[EventRounds "7"]
[EventCountry "GER"]
[SourceTitle "EXT 2017"]
[Source "ChessBase"]
[SourceDate "2016.10.25"]
[SourceVersion "1"]
[SourceVersionDate "2016.10.25"]
[SourceQuality "1"]
[WhiteTeam "Berlin Schachunion"]
[BlackTeam "Leipzig SG"]
[WhiteTeamCountry "GER"]
[BlackTeamCountry "GER"]

1. e4 d6 2. Nc3 Nf6 3. Bc4 g6 4. f4 Bg4 5. Nf3 Nc6 6. d3 Bg7 7. Be3 Qd7 8. h3 Bxf3 9. Qxf3 0-0-0 10. 0-0-0 e5 11. Bb3 Kb8 12. Bd5 Qe8 13. Bxc6 Qxc6 14. Bf2 Nd7 15. Nd5 Bh6 16. g3 f5 17. Qe3 b6 18. Kb1 Bg7 19. c3 Nc5 20. Nb4 Qd7 21. exf5 gxf5 22. Qe2 e4 23. d4 Ne6 24. g4 Nxf4 25. Qe3 Ng6 26. gxf5 Ne7 27. Qxe4 Rde8 28. Na6+ Kc8 29. Qa8# 1-0